Agriculture in Bangladesh / (Record no. 6448)

MARC details
000 -LEADER
fixed length control field 00582nam a22002057a 4500
001 - CONTROL NUMBER
control field BD-DhSAU 6448
003 - CONTROL NUMBER IDENTIFIER
control field BD-DhSAU
005 - DATE AND TIME OF LATEST TRANSACTION
control field 20150508174354.0
007 - PHYSICAL DESCRIPTION FIXED FIELD--GENERAL INFORMATION
fixed length control field heuamb---baca
008 - FIXED-LENGTH DATA ELEMENTS--GENERAL INFORMATION
fixed length control field 931126s1981 bg b 000 0 engo
040 ## - CATALOGING SOURCE
Original cataloging agency BD-DhSAU
082 ## - DEWEY DECIMAL CLASSIFICATION NUMBER
Edition number 22
Classification number 630.5492
Item number AGR
245 00 - TITLE STATEMENT
Title Agriculture in Bangladesh /
Statement of responsibility, etc. Edited by A. M. Anisuzzaman
260 ## - PUBLICATION, DISTRIBUTION, ETC. (IMPRINT)
Place of publication, distribution, etc. Bangladesh :
Name of publisher, distributor, etc. BARC ,
Date of publication, distribution, etc. c1981.
300 ## - PHYSICAL DESCRIPTION
Extent 95 p.:
Other physical details ill. ;
Dimensions 24 cm.
590 ## - Name of Cataloguer
Name of Cataloger IMRAN
650 #0 - SUBJECT ADDED ENTRY--TOPICAL TERM
Topical term or geographic name as entry element Agriculture
Geographic subdivision Bangladesh.
650 #0 - SUBJECT ADDED ENTRY--TOPICAL TERM
Topical term or geographic name as entry element Agriculture
General subdivision Economic aspects
Geographic subdivision Bangladesh.
700 ## - ADDED ENTRY--PERSONAL NAME
Personal name Anisuzzaman, A. M.
942 ## - ADDED ENTRY ELEMENTS (KOHA)
Source of classification or shelving scheme Dewey Decimal Classification
Koha item type Book
Holdings
Withdrawn status Lost status Source of classification or shelving scheme Damaged status Not for loan Home library Branch Name Shelving location Date acquired Total Checkouts Full call number Barcode Date last seen Price effective from Koha item type Collection code
    Dewey Decimal Classification   Not For Loan SAU Library SAU Library Reference 08/05/2015   630.5492 AGR 31587 08/05/2015 08/05/2015 Book  
    Dewey Decimal Classification   Not For Loan SAU Library SAU Library Reference 10/05/2015   630.5492 AGR 26368 10/05/2015 10/05/2015 Book Reference